[Event "Dortmund Sparkassen op-B"]
[Site "Dortmund"]
[Date "2012.07.21"]
[Round "8"]
[White "Gawronski, Erik"]
[Black "Wastian, Mareike"]
[Result "1/2-1/2"]
[WhiteElo "1224"]
[BlackElo "978"]
[PlyCount "58"]
[EventDate "2012.07.14"]
[EventType "swiss"]
[EventRounds "9"]
[EventCountry "GER"]
[SourceTitle "EXT 2014"]
[Source "ChessBase"]
[SourceDate "2013.11.20"]
[SourceVersion "1"]
[SourceVersionDate "2013.11.20"]
[SourceQuality "1"]

1. d4 d5 2. c4 e6 3. Nc3 c5 4. cxd5 exd5 5. e3 Nf6 6. Nf3 Nc6 7. Bb5 Be6 8. Ne5 Qb6 9. 0-0 a6 10. Ba4 Be7 11. Bxc6+ bxc6 12. dxc5 Qxc5 13. Na4 Qd6 14. Qc2 Qxe5 15. Qxc6+ Bd7 16. Qxa8+ Bd8 17. Qxa6 0-0 18. Nc5 Bg4 19. Qd3 Bc7 20. f4 Qh5 21. h3 Be2 22. Qd2 Bxf1 23. Kxf1 Bb6 24. Na4 Ba7 25. Qe2 Qf5 26. Nc3 d4 27. exd4 Bxd4 28. Nb5 Bc5 29. g4 Qd5 1/2-1/2

[Event "Dortmund Sparkassen op-B"]
[Site "Dortmund"]
[Date "2012.07.15"]
[Round "2"]
[White "Gawronski, Erik"]
[Black "Pirner, Andreas"]
[Result "1/2-1/2"]
[WhiteElo "1224"]
[BlackElo "1554"]
[PlyCount "68"]
[EventDate "2012.07.14"]
[EventType "swiss"]
[EventRounds "9"]
[EventCountry "GER"]
[SourceTitle "EXT 2014"]
[Source "ChessBase"]
[SourceDate "2013.11.20"]
[SourceVersion "1"]
[SourceVersionDate "2013.11.20"]
[SourceQuality "1"]

1. d4 Nf6 2. c4 c6 3. Nf3 d5 4. Nc3 Bg4 5. Ne5 Bf5 6. e3 Nbd7 7. Nxd7 Bxd7 8. Qb3 Bc8 9. cxd5 Nxd5 10. Nxd5 Qxd5 11. Qxd5 cxd5 12. Bd3 e6 13. Bd2 Bd7 14. 0-0 Bd6 15. Rac1 Ke7 16. Rfe1 Rac8 17. Bc3 Rc7 18. Rc2 Rhc8 19. Rec1 Bc6 20. Ba5 Rd7 21. Bb5 h5 22. Bxc6 bxc6 23. Rxc6 Rxc6 24. Rxc6 Rb7 25. Rc2 Rb5 26. Bc3 a5 27. g3 Bb4 28. Bxb4+ Rxb4 29. b3 Kd6 30. Kf1 a4 31. Rc3 f6 32. Ke2 g5 33. h3 e5 34. Kd3 Ke6 1/2-1/2

[Event "Dortmund Sparkassen op-B"]
[Site "Dortmund"]
[Date "2011.07.29"]
[Round "7"]
[White "Burosch, Raimund"]
[Black "Gawronski, Erik"]
[Result "1/2-1/2"]
[WhiteElo "1308"]
[BlackElo "1115"]
[PlyCount "54"]
[EventDate "2011.07.23"]
[EventType "swiss"]
[EventRounds "9"]
[EventCountry "GER"]
[SourceTitle "EXT 2013"]
[Source "ChessBase"]
[SourceDate "2012.11.22"]
[SourceVersion "1"]
[SourceVersionDate "2012.11.22"]
[SourceQuality "1"]

1. Nf3 Nf6 2. d3 b6 3. Nbd2 Bb7 4. e4 e6 5. g3 d5 6. e5 Nfd7 7. d4 c5 8. c3 Nc6 9. Bg2 Be7 10. 0-0 0-0 11. Re1 f6 12. Nf1 fxe5 13. dxe5 Qc7 14. Bf4 Rad8 15. Qe2 a6 16. Bh3 Kh8 17. Bxe6 d4 18. Bg5 Bxg5 19. Nxg5 Ncxe5 20. f4 Qc6 21. Ne4 Qxe6 22. fxe5 Qxe5 23. Qd3 Bxe4 24. Rxe4 Qd5 25. cxd4 Nf6 26. Rh4 cxd4 27. Nd2 g5 1/2-1/2

[Event "Dortmund Sparkassen op-B"]
[Site "Dortmund"]
[Date "2011.07.26"]
[Round "4"]
[White "Busche, Heinz"]
[Black "Gawronski, Erik"]
[Result "1/2-1/2"]
[WhiteElo "1441"]
[BlackElo "1115"]
[PlyCount "81"]
[EventDate "2011.07.23"]
[EventType "swiss"]
[EventRounds "9"]
[EventCountry "GER"]
[SourceTitle "EXT 2013"]
[Source "ChessBase"]
[SourceDate "2012.11.22"]
[SourceVersion "1"]
[SourceVersionDate "2012.11.22"]
[SourceQuality "1"]

1. d4 d5 2. Nf3 Nf6 3. Bf4 Bg4 4. e3 e6 5. Be2 c5 6. c3 Nc6 7. Nbd2 Be7 8. 0-0 0-0 9. Ne5 Bxe2 10. Qxe2 Rc8 11. Nxc6 Rxc6 12. dxc5 Bxc5 13. Nb3 Bb6 14. Nd4 Rc8 15. Be5 Nd7 16. Bg3 Re8 17. Nb5 Rc6 18. Nd4 Bxd4 19. exd4 Nf6 20. Be5 Nd7 21. Bg3 a6 22. Rae1 Nb6 23. f4 f5 24. Rc1 Qf6 25. Qf2 Rec8 26. Bh4 Qf8 27. Qe1 Qd6 28. Bg3 Nd7 29. Qe3 b5 30. Rfe1 Nb6 31. Rb1 Nc4 32. Qe2 Re8 33. Rbc1 Qd7 34. b3 Nd6 35. Red1 Ne4 36. Be1 Rf8 37. Rd3 Qc7 38. Qe3 a5 39. h3 Kf7 40. Qf3 b4 41. g4 1/2-1/2

[Event "Dortmund Sparkassen op-B"]
[Site "Dortmund"]
[Date "2011.07.24"]
[Round "2"]
[White "Schrimpl, Michael"]
[Black "Gawronski, Erik"]
[Result "1-0"]
[WhiteElo "1462"]
[BlackElo "1115"]
[PlyCount "71"]
[EventDate "2011.07.23"]
[EventType "swiss"]
[EventRounds "9"]
[EventCountry "GER"]
[SourceTitle "EXT 2013"]
[Source "ChessBase"]
[SourceDate "2012.11.22"]
[SourceVersion "1"]
[SourceVersionDate "2012.11.22"]
[SourceQuality "1"]

1. c4 e5 2. Nc3 Nf6 3. Nf3 Nc6 4. g3 d6 5. Bg2 Be7 6. a3 0-0 7. b4 a6 8. 0-0 Bg4 9. d4 Rb8 10. d5 Na7 11. a4 c6 12. dxc6 bxc6 13. Be3 Nc8 14. b5 axb5 15. axb5 c5 16. Qc2 Nb6 17. Na4 Re8 18. Rfd1 Qd7 19. Nxb6 Rxb6 20. Bxc5 Rbb8 21. Ba7 Rbc8 22. Nxe5 Qxb5 23. cxb5 Rxc2 24. Nxg4 Nxg4 25. h3 Ne5 26. e3 Rd8 27. b6 Rb2 28. Rdb1 Rxb1+ 29. Rxb1 f5 30. Bd5+ Kf8 31. b7 Nd7 32. Be6 Nb8 33. Bxf5 g6 34. Bc8 Nc6 35. Bb6 Re8 36. Bd7 1-0

[Event "Dortmund Sparkassen op-B"]
[Site "Dortmund"]
[Date "2010.07.24"]
[Round "8"]
[White "Gawronski, Erik"]
[Black "Schrimpl, Michael"]
[Result "0-1"]
[WhiteElo "1173"]
[BlackElo "1446"]
[PlyCount "164"]
[EventDate "2010.07.17"]
[EventType "swiss"]
[EventRounds "9"]
[EventCountry "GER"]
[SourceTitle "EXT 2014"]
[Source "ChessBase"]
[SourceDate "2013.11.20"]
[SourceVersion "1"]
[SourceVersionDate "2013.11.20"]
[SourceQuality "1"]

1. e4 d6 2. d4 Nf6 3. Nc3 g6 4. Nf3 Bg7 5. Be3 c6 6. Be2 b5 7. a3 0-0 8. 0-0 a6 9. b4 Qc7 10. Qd2 Ng4 11. Bf4 Rd8 12. Bg3 Nd7 13. Rac1 Bb7 14. Nd1 Qb6 15. c3 e5 16. h3 Ngf6 17. Ne3 Nxe4 18. Qd3 Nxg3 19. fxg3 Bh6 20. Rcd1 exd4 21. cxd4 Re8 22. Ng4 Bg7 23. Kh2 Re7 24. Ng5 h6 25. Ne4 Rae8 26. Bf3 Qc7 27. Nc3 a5 28. Rc1 Qb6 29. Rfd1 axb4 30. axb4 h5 31. Nf2 Re3 32. Qc2 d5 33. Ne2 Bf8 34. Qb2 Qd8 35. Re1 Bd6 36. Kg1 Bxg3 37. Qd2 Bb8 38. Nd3 Qc7 39. Kf1 Qd8 40. Nc3 Rxe1+ 41. Rxe1 Rxe1+ 42. Nxe1 Qe7 43. Qh6 Qf6 44. Ne2 Nf8 45. Qc1 Ne6 46. Qd2 Nf4 47. Nxf4 Bxf4 48. Qc3 Bg5 49. Nd3 Bh4 50. Nc5 Bc8 51. Nd3 Bxh3 52. Kg1 Bd7 53. Qb2 Bg3 54. Nc5 Qe7 55. Qd2 Bc8 56. Nd3 h4 57. Nf2 Bxf2+ 58. Kxf2 g5 59. Qc3 Bd7 60. Qd2 f5 61. Qc3 Kg7 62. Qd2 Kg6 63. Qc3 f4 64. Qd3+ Bf5 65. Qd2 h3 66. g4 fxg3+ 67. Kxg3 Qd6+ 68. Kf2 Qh2+ 69. Ke3 Qxd2+ 70. Kxd2 h2 71. Ke2 Be4 72. Bxe4+ dxe4 73. d5 cxd5 74. Ke3 h1Q 75. Ke2 Kf5 76. Kf2 d4 77. Kg3 d3 78. Kf2 Qf3+ 79. Kg1 d2 80. Kh2 g4 81. Kg1 d1Q+ 82. Kh2 Qh3# 0-1

[Event "Dortmund Sparkassen op-B"]
[Site "Dortmund"]
[Date "2010.07.18"]
[Round "2"]
[White "Gawronski, Erik"]
[Black "Benning, Martin"]
[Result "1/2-1/2"]
[WhiteElo "1173"]
[BlackElo "1552"]
[PlyCount "50"]
[EventDate "2010.07.17"]
[EventType "swiss"]
[EventRounds "9"]
[EventCountry "GER"]
[SourceTitle "EXT 2014"]
[Source "ChessBase"]
[SourceDate "2013.11.20"]
[SourceVersion "1"]
[SourceVersionDate "2013.11.20"]
[SourceQuality "1"]

1. e4 c5 2. c3 e6 3. Nf3 Nc6 4. d4 d5 5. Nbd2 cxd4 6. cxd4 Bb4 7. e5 Qb6 8. a3 Bxd2+ 9. Qxd2 Nge7 10. b4 Nf5 11. Bb2 Bd7 12. Be2 0-0 13. 0-0 f6 14. Rac1 Nce7 15. Rfe1 Ng6 16. Bd3 fxe5 17. dxe5 Qd8 18. Bxf5 Rxf5 19. Qe3 a6 20. Rc2 Nh4 21. Nd4 Rg5 22. f4 Nf5 23. Nxf5 Rxf5 24. Rec1 Bc6 25. g3 h5 1/2-1/2

[Event "Dortmund op-B"]
[Site "Dortmund"]
[Date "2009.07.08"]
[Round "5"]
[White "Taube, Benedikt"]
[Black "Gawronski, Erik"]
[Result "1/2-1/2"]
[WhiteElo "1108"]
[BlackElo "955"]
[PlyCount "46"]
[EventDate "2009.07.04"]
[EventType "swiss"]
[EventRounds "9"]
[EventCountry "GER"]
[SourceTitle "EXT 2012"]
[Source "ChessBase"]
[SourceDate "2011.11.24"]
[SourceVersion "1"]
[SourceVersionDate "2011.11.24"]
[SourceQuality "1"]

1. e4 e5 2. Nf3 Nf6 3. Nxe5 d6 4. Nf3 Nxe4 5. Qe2 Bf5 6. Nc3 Qe7 7. d3 Nxc3 8. Qxe7+ Bxe7 9. bxc3 0-0 10. g3 Re8 11. Nd4 Bd7 12. Bg2 c6 13. 0-0 Bf6 14. Bf4 Be5 15. Rfe1 Bxf4 16. gxf4 Rxe1+ 17. Rxe1 h6 18. Rb1 b6 19. Re1 d5 20. c4 dxc4 21. dxc4 a5 22. Re7 Kf8 23. Re3 Ra6 1/2-1/2

[Event "Dortmund op-B"]
[Site "Dortmund"]
[Date "2009.07.04"]
[Round "1"]
[White "Simanowski, Mio"]
[Black "Gawronski, Erik"]
[Result "1-0"]
[WhiteElo "1604"]
[BlackElo "955"]
[PlyCount "43"]
[EventDate "2009.07.04"]
[EventType "swiss"]
[EventRounds "9"]
[EventCountry "GER"]
[SourceTitle "EXT 2012"]
[Source "ChessBase"]
[SourceDate "2011.11.24"]
[SourceVersion "1"]
[SourceVersionDate "2011.11.24"]
[SourceQuality "1"]

1. e4 e5 2. Nf3 Nf6 3. Nc3 Nc6 4. Bb5 d6 5. d3 Bd7 6. Bg5 g6 7. Nd5 Bg7 8. Qd2 0-0 9. h4 a6 10. Ba4 b5 11. Bb3 Be6 12. h5 gxh5 13. Nxf6+ Bxf6 14. Bh6 Re8 15. Rxh5 Bxb3 16. axb3 Nd4 17. Ng5 Bxg5 18. Rxg5+ Kh8 19. Bg7+ Kg8 20. Bf6+ Kf8 21. Rg8+ Kxg8 22. Qg5+ 1-0